000 00632nmm a2200169Ia 4500
008 251105s9999||||xx |||||||||||||||||und||
041 _aspa
100 _aCabanas Cañizares, María Ruth
245 0 _aEnseñanzas iniciales: Nivel I. Ámbito de Comunicación y Competencia Matemática. Matemáticas 2. Adquiero mi casa
264 _a[Madrid, España] :
_bMinisterio de Educación, Cultura y Deporte de España,
_c2015
300 _a78 páginas
650 _aEducation
700 _aCabanas Cañizares, María Ruth
700 1 _a Varas del Peso, David
856 _uhttps://public.digitaliapublishing.com/a/60316
942 _cCF
999 _c63253
_d63253